LEADER 01054nam a2200217 i 4500 001 000000185149 003 CaOOAMICUS 005 20100128000000.0 008 100128s1964 sp u000 u lat u 013 $a163145 040 $aSeMil$bita 100 1 $aSalcedo, Leovigildo.$0(OLS)http://semarc/name/68018 245 10$aIntroductio in philosophiam. Logica, critica, metaphysica generalis /$cLeovigildo Salcedo ; Clemente Fernandez. 300 $aXXIV, 860 p. 490 0 $aBiblioteca de autores cristianos 700 1 $aFernandez, Clemente .$0(OLS)http://semarc/name/27661 773 0 $aProfessores societatis Iesu facultatum philosophicarum in Hispania$tPhilosophiae scholasticae summa.$dMadrid : Biblioteca de autores cristianos, [196?]$g1$w()22810 830 0$aBiblioteca de autores cristianos.$0(OLS)http://semarc/title/428 850 $aSeMil 852 $aSeMil$W1$xVenegono$y1$m2S V 211$j135840$B135840$CSeMilBibl$Z2$F147392 $81 996 $6245$aIntroductio in philosophiam. Logica, critica, metaphysica generalis$9(OLS)http://semarc/title/265954 LEADER 00863nam a2200193 i 4500 001 000000126650 003 CaOOAMICUS 005 20220930111329.0 008 040524s1971 fr u000 u fre u 040 $aSeMil$bita 245 14$aLes Indulgences :$bSuppl., Questions 21-28 /$cSaint Thomas d'Aquin ; traduction française par H.-D. Gardeil ; renseignements techniques par D. O'Callaghan. 300 $a160 p. ;$c17 cm. 700 1 $aO'Callaghan, D.$0(OLS)http://semarc/name/116560 700 1 $aGardeil, Enri-Dominique,$d<1900-1974>.$0(OLS)http://semarc/name/5587 773 0 $aTommaso : d'Aquino $tPénitence.$gTome3$w()11675 850 $aSeMil 852 $aSeMil$W1$xVenegono$y1$m2N I 433$j81009$B81009$CSeMilBibl$Z2$F83216 $81 996 $6245$aLes Indulgences :$bSuppl., Questions 21-28$9(OLS)http://semarc/title/186780